<?xml version="1.0" encoding="UTF-8"?>
<collection xmlns="http://www.loc.gov/MARC21/slim">
 <record>
  <leader>01487nam0a2200289   4500</leader>
  <controlfield tag="001">in00000003141</controlfield>
  <controlfield tag="005">20230112185950.6</controlfield>
  <datafield tag="010" ind1=" " ind2=" ">
   <subfield code="a">978-7-5086-7164-2</subfield>
   <subfield code="b">精装</subfield>
   <subfield code="d">CNY88.00</subfield>
  </datafield>
  <datafield tag="035" ind1=" " ind2=" ">
   <subfield code="a">009023578</subfield>
  </datafield>
  <datafield tag="100" ind1=" " ind2=" ">
   <subfield code="a">20181129d2017    em y0chiy50      ea</subfield>
  </datafield>
  <datafield tag="101" ind1="1" ind2=" ">
   <subfield code="a">chi</subfield>
   <subfield code="c">eng</subfield>
  </datafield>
  <datafield tag="102" ind1=" " ind2=" ">
   <subfield code="a">CN</subfield>
   <subfield code="b">110000</subfield>
  </datafield>
  <datafield tag="105" ind1=" " ind2=" ">
   <subfield code="a">a   z   000yy</subfield>
  </datafield>
  <datafield tag="106" ind1=" " ind2=" ">
   <subfield code="a">r</subfield>
  </datafield>
  <datafield tag="200" ind1="1" ind2=" ">
   <subfield code="a">创新者</subfield>
   <subfield code="9">chuang xin zhe</subfield>
   <subfield code="e">一群技术狂人和鬼才程序员如何改变世界</subfield>
   <subfield code="d">The innovators</subfield>
   <subfield code="e">how a group of hackers, geniuses, and geeks created the digital revolution</subfield>
   <subfield code="f">(美)沃尔特·艾萨克森(Walter Isaacson)著</subfield>
   <subfield code="g">关嘉伟，牛小婧译</subfield>
   <subfield code="z">eng</subfield>
  </datafield>
  <datafield tag="205" ind1=" " ind2=" ">
   <subfield code="a">2版</subfield>
  </datafield>
  <datafield tag="210" ind1=" " ind2=" ">
   <subfield code="a">北京</subfield>
   <subfield code="c">中信出版集团股份有限公司</subfield>
   <subfield code="d">2017</subfield>
  </datafield>
  <datafield tag="215" ind1=" " ind2=" ">
   <subfield code="a">27,606页</subfield>
   <subfield code="c">图</subfield>
   <subfield code="d">21cm</subfield>
  </datafield>
  <datafield tag="330" ind1=" " ind2=" ">
   <subfield code="a">本书通过对人物的串联，讲述了计算机和互联网发展的历史，特别是过去的80年来世界信息技术发展的细节与过程。</subfield>
  </datafield>
  <datafield tag="510" ind1="1" ind2=" ">
   <subfield code="a">Innovators</subfield>
   <subfield code="e">how a group of hackers, geniuses, and geeks created the digital revolution</subfield>
   <subfield code="z">eng</subfield>
  </datafield>
  <datafield tag="517" ind1="1" ind2=" ">
   <subfield code="a">一群技术狂人和鬼才程序员如何改变世界</subfield>
   <subfield code="9">yi qun ji shu kuang ren he gui cai cheng xu yuan ru he dian fu shi jie</subfield>
  </datafield>
  <datafield tag="606" ind1="0" ind2=" ">
   <subfield code="a">电子计算机工业</subfield>
   <subfield code="x">工业企业管理</subfield>
   <subfield code="x">经验</subfield>
   <subfield code="y">美国</subfield>
  </datafield>
  <datafield tag="690" ind1=" " ind2=" ">
   <subfield code="a">F471.266</subfield>
   <subfield code="v">5</subfield>
  </datafield>
  <datafield tag="701" ind1=" " ind2="0">
   <subfield code="c">(美)</subfield>
   <subfield code="a">艾萨克森</subfield>
   <subfield code="9">ai sa ke sen</subfield>
   <subfield code="c">(Isaacson, Walter)</subfield>
   <subfield code="4">著</subfield>
  </datafield>
  <datafield tag="702" ind1=" " ind2="0">
   <subfield code="a">关嘉伟</subfield>
   <subfield code="9">guan jia wei</subfield>
   <subfield code="4">译</subfield>
  </datafield>
  <datafield tag="702" ind1=" " ind2="0">
   <subfield code="a">牛小婧</subfield>
   <subfield code="9">niu xiao jing</subfield>
   <subfield code="4">译</subfield>
  </datafield>
  <datafield tag="999" ind1="f" ind2="f">
   <subfield code="s">e148a56a-45ab-4cdd-85ab-73abc4706e89</subfield>
   <subfield code="i">26d4867e-f62e-4840-8998-3cade2d1107d</subfield>
  </datafield>
 </record>
</collection>
